Animated Movies - Statistics

General Stats
  • This quiz has been taken 476 times
  • The average score is 82 of 201
Answer Stats
Year Studio Movie % Correct
1937 Disney Snow White and the Seven Dwarfs
87%
1950 Disney Cinderella
80%
1995 Pixar Toy Story
80%
1959 Disney Sleeping Beauty
77%
2001 Dreamworks Shrek
76%
1940 Disney Pinocchio
73%
1994 Disney The Lion King
72%
1942 Disney Bambi
70%
2006 Pixar Cars
70%
1999 Pixar Toy Story 2
70%
2010 Pixar Toy Story 3
70%
1941 Disney Dumbo
69%
1991 Disney Beauty and the Beast
68%
2013 Disney Frozen
68%
2001 Pixar Monsters Inc
67%
2003 Pixar Finding Nemo
66%
2004 Dreamworks Shrek 2
66%
1989 Disney The Little Mermaid
66%
2019 Pixar Toy Story 4
66%
2009 Pixar Up
66%
1992 Disney Aladdin
65%
2004 Pixar The Incredibles
64%
2011 Pixar Cars 2
63%
1940 Disney Fantasia
63%
2015 Illumination Minions
63%
2010 Illumination Despicable Me
62%
2016 Pixar Finding Dory
62%
2012 Pixar Brave
61%
1998 Pixar A Bugs Life
60%
2017 Pixar Cars 3
60%
2021 Disney Encanto
60%
2015 Pixar Inside Out
59%
1967 Disney Jungle Book
59%
1955 Disney Lady and the Tramp
59%
1953 Disney Peter Pan
59%
2009 Disney Princess and the Frog
59%
2017 Pixar Coco
58%
2016 Disney Moana
58%
2013 Pixar Monsters University
57%
1993 Disney The Nightmare Before Christmas
57%
2013 Illumination Despicable Me 2
56%
1995 Disney Pocahontas
56%
2007 Pixar Ratatouille
56%
2008 Pixar Wall-E
56%
1951 Disney Alice in Wonderland
55%
2002 Blue Sky Ice Age
55%
2005 Dreamworks Madagascar
55%
2008 Dreamworks Kung Fu Panda
53%
1998 Dreamworks Antz
52%
2009 Laika Coraline
52%
2017 Illumination Despicable Me 3
52%
2010 Dreamworks How to Train Your Dragon
52%
2020 Pixar Soul
52%
2001 Studio Ghibli Spirited Away
52%
1999 Disney Tarzan
52%
2012 Disney Wreck It Ralph
52%
1997 Disney Hercules
51%
2000 Dreamworks Chicken Run
49%
2021 Pixar Luca
49%
1970 Disney Aristocats
48%
2018 Pixar Incredibles 2
48%
2008 Dreamworks Madagascar 2
48%
2005 Tim Burtin Corpse Bride
47%
2014 Dreamworks How to Train Your Dragon 2
47%
2011 Dreamworks Kung Fu Panda 2
47%
1973 Disney Robin Hood
47%
2019 Dreamworks How To Train Your Dragon 3
46%
2010 Dreamworks Megamind
46%
2022 Pixar Turning Red
46%
2008 Disney Bolt
45%
2016 Dreamworks Kung Fu Panda 3
45%
2012 Dreamworks Madagascar 3
45%
1996 Disney The Hunchback of Notre Dame
45%
2016 Disney Zootopia
45%
2014 Disney Big Hero 6
44%
2005 Disney Chicken Little
44%
2011 Blue Sky Rio
44%
2007 Dreamworks Shrek the Third
44%
1963 Disney Sword in the Stone
44%
1985 Disney The Black Cauldron
44%
2018 Disney Ralph Breaks the Internet
43%
2013 Dreamworks The Croods
43%
1998 Dreamworks The Prince of Egypt
43%
2015 Dreamworks Home
42%
2016 Illumination Sing
42%
2007 Dreamworks The Bee Movie
42%
1977 Disney The Rescuers
42%
1961 Disney 101 Dalmations
41%
2020 Pixar Onward
41%
2004 Dreamworks Sharktale
41%
2012 Illumination The Lorax
41%
1977 Disney The Many Adventures of Winnie the Pooh
41%
1988 Disney Oliver and Company
40%
2010 Dreamworks Shrek Forever After
40%
2017 Dreamworks The Boss Baby
40%
2015 Pixar The Good Dinosaur
40%
2000 Disney Emperors New Groove
39%
1981 Disney Fox and the Hound
39%
2007 Disney Meet the Robinsons
39%
2014 Blue Sky Rio 2
39%
2001 Disney Atlantis: The Lost Empire
38%
2012 Tim Burtin Frankenweenie
38%
2018 Illumination How the Grinch Stole Christmas
38%
2012 Blue Sky Ice Age: Continental Drift
38%
2009 Dreamworks Monsters vs Aliens
38%
2021 Disney Raya and the Last Dragon
38%
2016 Illumination Secret Life of Pets
38%
2021 Illumination Sing 2
38%
1986 Disney The Great Mouse Detective
38%
2014 Warner Bros. Entertainment The Lego Movie
38%
1990 Disney The Rescuers: Down Under
38%
1944 Disney The Three Caballeros
38%
2002 Disney Treasure Planet
38%
2016 Dreamworks Trolls
38%
2013 Disney Planes
37%
2009 Sony Animation Cloudy With A Chance of Meatballs
36%
2012 Sony Animation Hotel Transylvania
36%
2009 Blue Sky Ice Age: Dawn of the Dinosaurs
36%
2006 Blue Sky Ice Age: The Meltdown
36%
2012 Laika ParaNorman
35%
1942 Disney Saludos Amigos
35%
2018 Sony Animation Spider Man into the Spider Verse
35%
2000 Dreamworks The Road to El Dorado
35%
2009 Wes Anderson Fantastic Mr Fox
34%
2006 Dreamworks Flushed Away
34%
2015 Sony Animation Hotel Transylvania 2
34%
2005 Blue Sky Robots
34%
2019 Illumination The Secret Life of Pets 2
34%
2013 Dreamworks Turbo
34%
1946 Disney Make Mine Music
33%
1949 Disney The Adventures of Ichabod and Mr Toad
33%
1948 Disney Melody Time
32%
2014 Dreamworks Penguins of Madagascar
32%
2012 Dreamworks Rise of the Gaurdians
32%
2013 Sony Animation Cloudy With A Chance of Meatballs 2
31%
1947 Disney Fun and Fancy Free
31%
2004 Disney Home on the Range
31%
2016 Blue Sky Ice Age: Collision Course
31%
2019 Dreamworks Abominable
30%
2011 Illumination Hop
30%
2008 Blue Sky Horton Hears a Who
30%
2018 Sony Animation Hotel Transylvania 3
30%
2006 Columbia Pictures Monster House
30%
2006 Sony Animation Open Season
30%
2017 Sony Animation The Emoji Movie
30%
2014 Laika Box Trolls
29%
2014 Dreamworks Mr Peabody and Sherman
29%
2013 Blue Sky Epic
28%
2007 Sony Animation Surfs Up
28%
2017 Blue Sky Ferdinand
27%
2018 Wes Anderson Isle of Dogs
27%
1996 Disney James and the Giant Peach
27%
2014 Reel FX Animation Studios The Book of Life
27%
2015 Blue Sky The Peanuts Movie
27%
2017 Warner Bros. Entertainment The LEGO Batman Movie
26%
1988 Disney Who Framed Roger Rabbit
26%
2008 Sony Animation Open Season 2
25%
2014 Disney Planes 2
25%
2018 Warner Bros. Pictures Smallfoot
25%
2014 Cartoon Saloon Song of the Sea
25%
2004 Nickelodeon Animation Studios The Spongebob Squarepants Movie
25%
2017 Sony Animation The Star
25%
2016 Laika Kubo and the Two Strings
24%
2020 Warner Animation Group Scoob!
24%
2019 Blue Sky Spies in Disguise
24%
2010 Sony Animation Open Season 3
23%
2003 Dreamworks Sinbad: Legend of the Seven Seas
23%
1946 Disney Song of the South
23%
2016 Warner Animation Studios Storks
23%
2020 Dreamworks Trolls World Tour
23%
2019 Laika Missing Link
22%
2016 Nitrogen Studios Sausage Party
22%
2002 Dreamworks Spirit: Stallion of the Cimarron
22%
2016 Colombia Picture The Angry Birds Movie
22%
2017 Warner Bros. Entertainment The LEGO Ninjago Movie
22%
2021 Sony Animation Vivo
22%
2015 Lucasfilm Strange Magic
20%
2019 Nitrogen Studios The Addams Family
20%
2018 Paramount Animation Sherlock Gnomes
19%
2010 Disney Tangeled
19%
2019 Sony Animation The Angry Birds Movie 2
19%
2019 Warner Bros. Animation The Lego Movie 2: The Second Part
19%
2014 Gulfstream Pictures The Nut Job
18%
2015 Paramount Animation Nickelodeon The Spongebob Movie: Sponge Out of Water
18%
2018 Aardman Animation Early Man
17%
1988 Studio Ghibli My Friend Totoro
17%
2015 Sony Animation Open Season: Scared Silly
17%
2020 Pearl Studio Over the Moon
17%
2021 20th Century Animation Ron's Gone Wrong
17%
2012 Sony Animation The Pirates! Band of Misfits
17%
2020 Paramount Animation Nickelodeon The Spongebob Movie : Sponge on the run
17%
2020 Cartoon Saloon Wolfwalkers
17%
2017 Dreamworks Captain Underpants: The First Epic Movie
16%
2022 Sony Animmation Hotel Transylvania: Transformania
16%
2021 Nitrogen Studios The Addams Family 2
16%
2020 Dreamworks The Croods: New Age
16%
2019 STX Family Reel FX Animation Studios Ugly Dolls
16%
2005 Dreamworks Wallace and Gromit: Curse of the Were-Rabbit
16%
2021 Sony Animation Mitchells vs the Machines
15%
2020 Netflix Animation The Willoughbys
14%
2021 Dreamworks The Boss Baby: Family Buisness
10%
No matching quizzes found
Score Distribution
Percent of People with Each Score
Percentile by Number Answered
Your Score History
You have not taken this quiz